Various Geography and World Trivia - Statistics

General Stats
  • This quiz has been taken 14 times
  • The average score is 10 of 25
Answer Stats
Question Answer % Correct
What is the most densely populated country in Europe? Monaco
85%
What countries border Indonesia by land? (northern) Malaysia
77%
What country owns Easter Island? Chile
62%
What countries border Indonesia by land? (eastern) Papua New Guinea
62%
What is the largest country by land in Africa? Algeria
54%
And what is the capital of said state? Perth
54%
What are the three national capitals of South Africa? (legislative) Cape Town
46%
What is the smallest state capital city in the USA by population? Montpelier
46%
What country has the highest birthrate in the world? Niger
46%
What are the three national capitals of South Africa? (executive) Pretoria
46%
What is the westernmost country in continental Africa? Senegal
46%
What countries border Indonesia by land? (southern) Timor-Leste
46%
What is the official national language of Pakistan? Urdu
46%
What is the other co-official language of Pakistan? English
38%
What is the least densely populated country in Europe? Iceland
38%
What is the oldest double landlocked country in the world? Liechtenstein
38%
What is the tallest mountain outside of the continent of Asia? Aconcagua
31%
What is the largest Australian state by land? Western Australia
31%
What is the only other double landlocked country in the world? Uzbekistan
23%
What are the three national capitals of South Africa? (judicial) Bloemfontein
15%
Where is the only land border between France and the Netherlands? Saint Martin
15%
What is the only national capital that has an average temperature below freezing (0°C/32°F)? Ulaanbataar
15%
What is the largest unclaimed land territory on Earth? Marie Byrd Land
8%
What is the most populous island of Russia? Sakhalin
8%
What country has the lowest birthrate in the world? South Korea
8%
No matching quizzes found
Score Distribution
Percent of People with Each Score
Percentile by Number Answered
Your Score History
You have not taken this quiz